000 00881nam a2200265 i 4500
001 bg
100 1 _aCISZEWSKI, Jerzy
245 1 0 _aPrawo cywilne w pytaniach i odpowiedziach /
_cJerzy Ciszewski, Anna Stępień.
260 _aWarszawa :
_bWydawnictwo Prawnicze LexisNexis,
_c2007.
300 _a342 s. ;
_c21 cm.
490 1 _aPrawo w Pytaniach i Odpowiedziach
504 _aBibliogr.
650 9 _aPrawo cywilne
_zPolska
_ystan na 2006 r.
655 _aPodręczniki akademickie
700 1 _aSTĘPIEŃ, Anna
830 _aPrawo w Pytaniach i Odpowiedziach
020 _a9788373347046
040 _cBPK
041 0 _apol
080 _a347(438)(075.8)
920 _a978-83-7334-704-6
942 _cKS
008 s pl f |000 0 pol
999 _c53645
_d53645
856 _uhttp://koha.tu.koszalin.pl/cgi-bin/koha/opac-detail.pl?biblionumber=53645
_yKatalog online BPK